Novell's guide to troubleshooting NetWare 5 / (Record no. 7336)

MARC details
000 -LEADER
fixed length control field 02165cam a22001694a 4500
020 ## - INTERNATIONAL STANDARD BOOK NUMBER
ISBN 0764545582 (alk. paper)
020 ## - INTERNATIONAL STANDARD BOOK NUMBER
ISBN 9780764545580
050 00 - CALL NUMBER
Classification number TK5105.8.N65
Item number S26
100 1# - AUTHOR
Personal name Sant'Angelo, Rick,
245 10 - TITLE
Title Novell's guide to troubleshooting NetWare 5 /
Statement of responsibility, etc Rick Sant'Angelo.
260 ## - PUBLICATION INFORMATION
Place of publication San Jose, CA :
Name of publisher Novell Press,
Year of publication c1999.
300 ## - DESCRIPTION
Number of Pages xxviii, 806 p. :
Other physical details ill. ;
Dimensions 24 cm. +
Accompanying material 1 computer optical disc (4 3/4 in.)
500 ## - NOTES
General note Includes index.
505 ## - FORMATTED CONTENTS NOTE
Table of Content <br/>Contents: Networking with NetWare --<br/>NetWare Basics --<br/>Terminology --<br/>NetWare Versions --<br/>Internetworking Basics --<br/>Internetworking Hardware --<br/>Internetworking Infrastructure --<br/>Novell Protocols and IPX Addressing --<br/>The NetWare Protocol Stack --<br/>NetWare Core Protocol --<br/>IPX/SPX Transport Mechanism --<br/>Service Advertising and Routing Protocols --<br/>Miscellaneous NetWare Protocols --<br/>IPX Addressing --<br/>TCP/IP Protocols, IP Addressing, and Name Resolution --<br/>TCP/IP Development --<br/>Novell and the TCP/IP Protocol --<br/>IP Addressing, Subnetworking, and Masking --<br/>TCP/IP Protocols --<br/>Routing Protocols --<br/>TCP/IP Services --<br/>Installing and Configuring NetWare --<br/>Preparing the Server and LAN --<br/>Building or Selecting a Server --<br/>LANs --<br/>LAN Cabling --<br/>Power Conditioning, Power Monitoring --<br/>Setting Up the Server and LAN --<br/>NetWare 3 Server Setup --<br/>Installation Options --<br/>Preparing the Server --<br/>Server Operating System Installation --<br/>Post-Installation Procedures --<br/>NetWare 4 Server Setup --<br/>Preparing the Server --<br/>Server Operating System Installation --<br/>Post-Installation Procedures --<br/>NetWare 5 Setup --<br/>Installation Options --<br/>Preparing the Server --<br/>Server Operating System Installation --<br/>Post-Installation Procedures --<br/>DOS/Windows 3.x Clients --<br/>Client Setup Options --<br/>Requirements and Limitations --<br/>Running INSTALL for DOS Clients --<br/>Running Winsetup for Windows 3.x Clients --<br/>Supporting Access to Microsoft Servers in Windows for Workgroups 3.11 --<br/>Troubleshooting the Novell DOS/Windows 3.x Client Setup --<br/>Windows 95/98 and NT Clients.
650 #0 - SUBJECTS
Topical Term Local area networks (Computer networks)
General subdivision Maintenance and repair.
942 ## - ADDED ENTRY ELEMENTS (KOHA)
Koha item type Books
Holdings
Withdrawn status Lost status Collection code Home library Current library Shelving location Date acquired Full call number Accession Number Koha item type
    Reference Methodist University Library Main Methodist University Library Main General Stacks 27/02/2020 TK5105.8.N65 S26 38248 Books
Copyright © 2026  MUG Library